| 000 | 00879nam a22002057a 4500 | ||
|---|---|---|---|
| 999 |
_c11622 _d11622 |
||
| 003 | AR-CdUCM | ||
| 008 | 190404b ||||| |||| 00| 0 spa d | ||
| 040 |
_aMUNICIPALIDAD PROVINCIAL DEL CUSCO _cBIBLIOTECA MUNICIPAL DEL CUSCO |
||
| 082 |
_a612 / _bD52 / 1862 |
||
| 100 |
_aDebregne, I. C. _929077 |
||
| 245 | _aCompendio de fisiología humana / | ||
| 260 |
_aBarcelona : _bLibreria catolica de Pons y CA, _c1862. |
||
| 300 |
_a350 paginas ; _c22 cm. |
||
| 505 | _aContenido : De la vida de la relación -- De las funciones sensoriales, o de los sentidos es decir de las sensaciones -- Del entendimiento humano, psicología o ideología fisiológica -- De la vida de nutrición -- Del aparato digestivo... | ||
| 650 |
_aCuerpo humano _918643 |
||
| 650 |
_aMedicina humana _918640 |
||
| 650 |
_aSistemas del cuerpo _929078 |
||
| 942 |
_2ddc _cLIBROS |
||
| 945 |
_awnts _d2019-04-04 |
||